• 首页
  • 本馆介绍
  • 公告通知
  • 最新文献
  • 馆藏检索
  • 电子资源
  • 读者导购
  • 参考咨询
  • 我的图书馆
  • 登录
  • 详细信息显示
  • 放入我的书架
  • 预约/预借图书
  • 作者相关作品
  • 分类相关作品
  • 丛书相关作品
  • 出版社相关作品

书目信息

  • 表格格式
  • 工作单格式
  • 卡片格式
题名:
凡·高
    
 
作者: 马超群 编著
分册:  
出版信息: 北京   中国社会出版社  2013
页数: 199页
开本: 24cm
丛书名:
单 册:
中图分类: K835.635.72=43 , K835.635
科图分类:
主题词:
电子资源:
ISBN: 978-7-5087-4348-6
000 00919nam0 2200253 450
001 2353024327
005 20231230144412.76
010    @a978-7-5087-4348-6@dCNY 49.80
100    @a20130715d2013 em y0chiy0120 ea
101 0  @achi
102    @aCN@b110000
105    @aa z 000yd
200 1  @a凡·高@Afan · gao@b专著@f马超群编著
210    @a北京@c中国社会出版社@d2013
215    @a199页@c图@d24cm
300    @a世界名人非常之路
330    @a本书主要以凡·高的成长历程和人生发展为线索,通过日常生活中富于启发性的小故事来传达他成功的道理,尤其着重表现他所处时代的生活特征和他建功立业的艰难过程,以便使读者产生思想共鸣和受到启迪。
600  0 @a凡高@c(Van Gogh, Vincent@f1853-1890)@x生平事迹
600  0 @a凡高@c(Van Gogh, Vincent@f1853-1890)
690    @aK835.635.72=43@v5
690    @aK835.635@v4
701  0 @a马超群@Ama chao qun@f(1963~)@4编著
801  2 @aCN@b辽宁北配@c20231205
905    @aBZT@dK835.635@e7
    
    凡·高/马超群编著.-北京:中国社会出版社,2013
    199页:图;24cm
    世界名人非常之路
    
    ISBN 978-7-5087-4348-6:CNY 49.80
    本书主要以凡·高的成长历程和人生发展为线索,通过日常生活中富于启发性的小故事来传达他成功的道理,尤其着重表现他所处时代的生活特征和他建功立业的艰难过程,以便使读者产生思想共鸣和受到启迪。
●
相关链接 在五车中查询图书 在当当中查询图书 在豆瓣中查询图书


正题名:凡·高     索取号:K835.635/7         预约/预借

序号 登录号 条形码 馆藏地/架位号 状态 备注
1 2001723790   2001723790   辽三/辽宁北配(第三批)/4332/ [索取号:K835.635/7] 在馆    
2 2001723791   2001723791   辽三/辽宁北配(第三批)/4332/ [索取号:K835.635/7] 在馆    
3 2001723792   2001723792   辽三/辽宁北配(第三批)/4332/ [索取号:K835.635/7] 在馆    
4 2001723793   2001723793   辽三/辽宁北配(第三批)/4332/ [索取号:K835.635/7] 在馆    
5 2001723794   2001723794   辽三/辽宁北配(第三批)/4332/ [索取号:K835.635/7] 在馆    
6 2001723795   2001723795   辽三/辽宁北配(第三批)/4332/ [索取号:K835.635/7] 在馆    
7 2001723796   2001723796   辽三/辽宁北配(第三批)/4332/ [索取号:K835.635/7] 在馆    
8 2001723797   2001723797   辽三/辽宁北配(第三批)/4332/ [索取号:K835.635/7] 在馆    
9 2001723798   2001723798   辽三/辽宁北配(第三批)/4332/ [索取号:K835.635/7] 在馆    
10 2001723799   2001723799   辽三/辽宁北配(第三批)/4332/ [索取号:K835.635/7] 在馆    
11 2001723800   2001723800   辽三/辽宁北配(第三批)/4332/ [索取号:K835.635/7] 在馆    
12 2001723801   2001723801   辽三/辽宁北配(第三批)/4332/ [索取号:K835.635/7] 在馆    
13 2001723802   2001723802   辽三/辽宁北配(第三批)/4332/ [索取号:K835.635/7] 在馆    
14 2001723803   2001723803   辽三/辽宁北配(第三批)/4332/ [索取号:K835.635/7] 在馆    
15 2001723804   2001723804   辽三/辽宁北配(第三批)/4332/ [索取号:K835.635/7] 在馆    
16 2001723805   2001723805   辽三/辽宁北配(第三批)/4332/ [索取号:K835.635/7] 在馆    
17 2001723806   2001723806   辽三/辽宁北配(第三批)/4332/ [索取号:K835.635/7] 在馆    
18 2001723807   2001723807   辽三/辽宁北配(第三批)/4332/ [索取号:K835.635/7] 在馆    
19 2001723808   2001723808   辽三/辽宁北配(第三批)/4332/ [索取号:K835.635/7] 在馆    
20 2001723809   2001723809   辽三/辽宁北配(第三批)/4332/ [索取号:K835.635/7] 在馆    
21 2001723810   2001723810   辽三/辽宁北配(第三批)/4332/ [索取号:K835.635/7] 在馆    
22 2001723811   2001723811   辽三/辽宁北配(第三批)/4332/ [索取号:K835.635/7] 在馆    
23 2001723812   2001723812   辽三/辽宁北配(第三批)/4332/ [索取号:K835.635/7] 在馆    
24 2001723813   2001723813   辽三/辽宁北配(第三批)/4332/ [索取号:K835.635/7] 在馆    
25 2001723814   2001723814   辽三/辽宁北配(第三批)/4332/ [索取号:K835.635/7] 在馆    
26 2001723815   2001723815   辽三/辽宁北配(第三批)/4332/ [索取号:K835.635/7] 在馆    
27 2001723816   2001723816   辽三/辽宁北配(第三批)/4332/ [索取号:K835.635/7] 在馆    
28 2001723817   2001723817   辽三/辽宁北配(第三批)/4332/ [索取号:K835.635/7] 在馆    
29 2001723818   2001723818   辽三/辽宁北配(第三批)/4332/ [索取号:K835.635/7] 在馆    
30 2001723819   2001723819   辽三/辽宁北配(第三批)/4332/ [索取号:K835.635/7] 在馆    
山东省滨州职业学院图书馆 欢迎您!
大连网信软件有限公司© 版权所有